|
|
|
|
| LEADER |
01385nam a2200457 a 4500 |
| 001 |
nkc20132434888 |
| 003 |
CZ PrNK |
| 005 |
20130311104752.0 |
| 007 |
ta |
| 008 |
130104s2012 xr e 000 1 cze |
| 015 |
|
|
|a cnb002434888
|
| 020 |
|
|
|a 978-80-87415-59-7
|q (váz.)
|
| 035 |
|
|
|a (OCoLC)829661979
|
| 040 |
|
|
|a OLA001
|b cze
|d ABA001
|
| 041 |
1 |
|
|a cze
|h und
|
| 072 |
|
7 |
|a 32
|x Politika
|2 Konspekt
|9 15
|
| 080 |
|
|
|a 328.185
|2 MRF
|
| 080 |
|
|
|a 172.1
|2 MRF
|
| 080 |
|
|
|a (0:82-96)
|2 MRF
|
| 080 |
|
|
|a (0:82-32)
|2 MRF
|
| 100 |
1 |
|
|a Fox, Ray
|7 ola2013745501
|4 aut
|
| 245 |
1 |
0 |
|a Síla lsti :
|b jak zneužít korupci /
|c Ray Fox
|
| 246 |
3 |
0 |
|a Jak zneužít korupci
|
| 250 |
|
|
|a 1. autoriz. vyd. v České republice
|
| 260 |
|
|
|a Praha :
|b Powerprint,
|c 2012
|
| 300 |
|
|
|a 197 s. ;
|c 21 cm
|
| 500 |
|
|
|a Přeloženo?
|
| 650 |
0 |
7 |
|a korupce
|7 ph121881
|2 czenas
|
| 650 |
0 |
7 |
|a občanská etika
|7 ph123627
|2 czenas
|
| 650 |
0 |
9 |
|a corrupt practices
|2 eczenas
|
| 650 |
0 |
9 |
|a civic ethics
|2 eczenas
|
| 655 |
|
7 |
|a literatura faktu
|7 fd132773
|2 czenas
|
| 655 |
|
7 |
|a příběhy
|7 fd133204
|2 czenas
|
| 655 |
|
9 |
|a non-fiction
|2 eczenas
|
| 655 |
|
9 |
|a stories
|2 eczenas
|
| 910 |
2 |
|
|a BOA001
|b 2-1299.106
|
| 928 |
9 |
|
|a powerprint
|
| 990 |
|
|
|a BK
|
| 995 |
|
|
|a 01
|
| 991 |
|
|
|b 201302
|c NOV
|e n
|
| 996 |
6 |
|
|b 2610537223
|c 2-1299.106
|l MZK
|r Sklad / do 1 hodiny
|n 2
|p p.v.
|w 001310579
|u 000010
|a 1
|e BOA001
|j MZK50
|s P
|